000
00313nam a22001337a 4500
008
170201b xxu||||| |||| 00| 0 eng d
020
_a
9241561947
041
_a
eng
080
_a
61
100
_a
3
101
_a
SHM
245
_a
THE WORLD HEALTH REPORT 1999 MAKING DIDERENCE
_c
BRUNDTLAND G.R
942
_2
udc
_c
BK
999
_c
4184
_d
4184